[Event "chess.com SpeedChess Q2Sw"]
[Site "chess.com INT"]
[Date "2022.11.12"]
[Round "1"]
[White "Vemparala, Nikash"]
[Black "Melikyan, Gnel"]
[Result "0-1"]
[WhiteTitle "CM"]
[WhiteElo "1976"]
[BlackElo "2238"]
[WhiteFideId "30960967"]
[BlackFideId "54109990"]
[EventDate "2022.11.12"]

1. e4 c5 2. Nf3 Nc6 3. Bb5 g6 4. Bxc6 dxc6 5. d3 Bg7 6. h3 b6 7. O-O e5 8. Nc3
Ne7 9. Nh2 O-O 10. f4 f5 11. fxe5 Bxe5 12. Qe2 fxe4 13. Qxe4 Bxh2+ 14. Kxh2 Rxf1
15. Qc4+ Nd5 16. Ne4 Qc7+ 17. g3 Be6 0-1

[Event "chess.com SpeedChess Q2Sw"]
[Site "chess.com INT"]
[Date "2022.11.12"]
[Round "1"]
[White "Yirik, Volkan"]
[Black "Vaibhav, Jayant Raut"]
[Result "0-1"]
[BlackTitle "CM"]
[WhiteElo "1957"]
[BlackElo "2247"]
[WhiteFideId "6300782"]
[BlackFideId "5089034"]
[EventDate "2022.11.12"]

1. e4 c5 2. Nc3 Nc6 3. Bc4 e6 4. f4 a6 5. a4 Nge7 6. d3 d5 7. Ba2 g6 8. Nf3 Bg7
9. O-O O-O 10. Qe1 Nd4 11. Nxd4 cxd4 12. Ne2 dxe4 13. dxe4 d3 14. cxd3 Qxd3 15.
Ng3 h5 16. Rf3 Qd4+ 17. Be3 Qxb2 18. e5 Nd5 19. Bd2 Bd7 20. Bxd5 exd5 21. f5
Qxe5 22. Qxe5 Bxe5 0-1

[Event "chess.com SpeedChess Q2Sw"]
[Site "chess.com INT"]
[Date "2022.11.12"]
[Round "1"]
[White "Tan, Zhongyi"]
[Black "Rudykh, Stepan"]
[Result "1-0"]
[WhiteTitle "GM"]
[BlackTitle "CM"]
[WhiteElo "2514"]
[BlackElo "2218"]
[WhiteFideId "8603642"]
[BlackFideId "4180321"]
[EventDate "2022.11.12"]

1. d4 e6 2. c4 f5 3. Nc3 Nf6 4. Nf3 Be7 5. g3 O-O 6. Bg2 d6 7. O-O Ne4 8. Qc2
Nxc3 9. Qxc3 a5 10. Rd1 Qe8 11. b3 Nc6 12. Bb2 Bf6 13. Qd2 e5 14. dxe5 dxe5 15.
e3 Be6 16. a3 g5 17. Qc2 g4 18. Ne1 e4 19. Bxf6 Rxf6 20. h4 gxh3 21. Bxh3 Rh6
22. Bg2 Qh5 23. Kf1 Ne5 24. Rd4 Nf3 25. Bxf3 exf3 26. Rh4 1-0

[Event "chess.com SpeedChess Q2Sw"]
[Site "chess.com INT"]
[Date "2022.11.12"]
[Round "1"]
[White "Grischuk, Alexander"]
[Black "Goroshkov, Maksym"]
[Result "1-0"]
[WhiteTitle "GM"]
[BlackTitle "FM"]
[WhiteElo "2745"]
[BlackElo "2261"]
[WhiteFideId "4126025"]
[BlackFideId "14142716"]
[EventDate "2022.11.12"]

1. Nf3 Nf6 2. g3 g6 3. c4 Bg7 4. Nc3 O-O 5. Bg2 d6 6. d4 c6 7. O-O Qc7 8. e4 e5
9. h3 Be6 10. b3 exd4 11. Nxd4 Nbd7 12. Be3 Nc5 13. Qc2 Rad8 14. Rfe1 Qc8 15.
Kh2 Rfe8 16. Rad1 h5 17. Bg5 Rd7 18. Nf5 Nh7 19. Nxg7 Nxg5 20. Nxe8 Qxe8 21. f4
Bxh3 22. fxg5 Bf5 23. exf5 1-0

[Event "chess.com SpeedChess Q2Sw"]
[Site "chess.com INT"]
[Date "2022.11.12"]
[Round "1"]
[White "Jones, Gawain C B"]
[Black "Gubajdullin, Alexei"]
[Result "1-0"]
[WhiteTitle "GM"]
[BlackTitle "FM"]
[WhiteElo "2623"]
[BlackElo "2300"]
[WhiteFideId "409561"]
[BlackFideId "4141202"]
[EventDate "2022.11.12"]

1. Nf3 Nf6 2. c4 g6 3. Nc3 Bg7 4. e4 O-O 5. d4 d6 6. Be2 Na6 7. Be3 e5 8. d5 Nc5
9. Nd2 a5 10. g4 c6 11. h4 cxd5 12. cxd5 a4 13. h5 Qa5 14. Nc4 Qc7 15. Nb5 Qd7
16. Nb6 Qd8 17. Nxa8 Nfxe4 18. Nac7 f5 19. hxg6 hxg6 20. gxf5 gxf5 21. Bc4 f4
22. Bxc5 Nxc5 23. Ne6 Qb6 24. Qh5 Rf7 25. Qh7# 1-0

[Event "chess.com SpeedChess Q2Sw"]
[Site "chess.com INT"]
[Date "2022.11.12"]
[Round "1"]
[White "Aaditya, Dhingra"]
[Black "Grandelius, Nils"]
[Result "0-1"]
[WhiteTitle "CM"]
[BlackTitle "GM"]
[WhiteElo "2172"]
[BlackElo "2657"]
[WhiteFideId "25678191"]
[BlackFideId "1710400"]
[EventDate "2022.11.12"]

1. Nf3 d5 2. g3 Nc6 3. d4 Bg4 4. Bg2 Qd7 5. h3 Bf5 6. Bf4 O-O-O 7. Nc3 e6 8. a3
f6 9. Nh4 Nge7 10. g4 Be4 11. Bxe4 dxe4 12. Ng2 Nxd4 13. O-O Qc6 14. Qc1 Qxc3
15. bxc3 Nxe2+ 16. Kh1 Nxc1 17. Raxc1 h5 18. Kg1 hxg4 19. hxg4 Nd5 20. Bd2 Bxa3
21. Ra1 Bc5 22. c4 Ne7 23. Be3 Bxe3 24. fxe3 Nc6 25. Nf4 Rh4 26. Nxe6 Rxg4+ 27.
Kf2 Rd2+ 0-1

[Event "chess.com SpeedChess Q2Sw"]
[Site "chess.com INT"]
[Date "2022.11.12"]
[Round "1"]
[White "Stoyanov, Tsvetan"]
[Black "Kalogridis, Antonios"]
[Result "1-0"]
[WhiteTitle "IM"]
[BlackTitle "FM"]
[WhiteElo "2456"]
[BlackElo "2293"]
[WhiteFideId "2917173"]
[BlackFideId "25833901"]
[EventDate "2022.11.12"]

1. e4 c6 2. c4 d5 3. cxd5 cxd5 4. exd5 Nf6 5. Bb5+ Nbd7 6. Nf3 a6 7. Ba4 b5 8.
Bb3 Nb6 9. Nc3 Nbxd5 10. a4 Nxc3 11. dxc3 Qxd1+ 12. Bxd1 Bb7 13. axb5 axb5 14.
Rxa8+ Bxa8 15. Be2 Nd7 16. Bxb5 f6 17. O-O Bb7 18. Rd1 Bc8 19. Nd4 Kf7 20. Bc4+
Ke8 21. Ne6 Bb7 22. Bb5 1-0

[Event "chess.com SpeedChess Q2Sw"]
[Site "chess.com INT"]
[Date "2022.11.12"]
[Round "1"]
[White "Raja, Harshit"]
[Black "Podobnik, Marijan"]
[Result "1-0"]
[WhiteTitle "GM"]
[BlackTitle "FM"]
[WhiteElo "2461"]
[BlackElo "2118"]
[WhiteFideId "5089000"]
[BlackFideId "14502151"]
[EventDate "2022.11.12"]

1. e4 Nf6 2. e5 Nd5 3. d4 d6 4. c4 Nb6 5. f4 Bf5 6. Nf3 dxe5 7. fxe5 e6 8. Nc3
Bb4 9. Be2 c5 10. Be3 Nc6 11. dxc5 Bxc3+ 12. bxc3 Nd7 13. Qd6 Ndxe5 14. Nxe5
Qxd6 15. cxd6 Nxe5 16. Bd4 Nd3+ 17. Bxd3 Bxd3 18. Bxg7 Rg8 19. Bf6 Rxg2 20. d7+
Kxd7 21. O-O-O Rc2+ 22. Kb1 Rxc3+ 23. Ka1 Kc6 24. Bxc3 1-0

[Event "chess.com SpeedChess Q2Sw"]
[Site "chess.com INT"]
[Date "2022.11.12"]
[Round "1"]
[White "Sovetbekova, Nurai"]
[Black "Rustemov, Alexander"]
[Result "0-1"]
[WhiteTitle "WFM"]
[BlackTitle "GM"]
[WhiteElo "2025"]
[BlackElo "2525"]
[WhiteFideId "13801910"]
[BlackFideId "4119002"]
[EventDate "2022.11.12"]

1. d4 g6 2. c4 Bg7 3. Nc3 c5 4. d5 Bxc3+ 5. bxc3 f5 6. Nf3 Qa5 7. Qc2 d6 8. Bd2
Nf6 9. g3 Nbd7 10. Bg2 Nb6 11. Qd3 Qa4 12. Bg5 Qxc4 13. Bxf6 Qxd3 14. exd3 exf6
15. c4 Bd7 16. Kd2 Kf7 17. Rhe1 Rhe8 18. Kc3 Na4+ 19. Kb3 a6 20. Nd2 b5 21. h4
h5 22. Nf1 Reb8 23. Rab1 bxc4+ 24. Kxc4 Bb5+ 0-1

[Event "chess.com SpeedChess Q2Sw"]
[Site "chess.com INT"]
[Date "2022.11.12"]
[Round "1"]
[White "Mikhailov, Viacheslav"]
[Black "Singh, Arvinder Preet"]
[Result "1-0"]
[WhiteTitle "IM"]
[BlackTitle "FM"]
[WhiteElo "2428"]
[BlackElo "2148"]
[WhiteFideId "4187369"]
[BlackFideId "5013240"]
[EventDate "2022.11.12"]

1. Nf3 g6 2. g3 Bg7 3. Bg2 f5 4. O-O Nf6 5. c4 O-O 6. Nc3 d6 7. d3 c6 8. Bg5 h6
9. Bxf6 Bxf6 10. Rc1 e5 11. b4 Be6 12. b5 Nd7 13. bxc6 bxc6 14. Nd2 Rc8 15. Qa4
Qc7 16. Nb3 g5 17. Nd5 cxd5 18. cxd5 Nb6 19. Qa6 Qe7 20. dxe6 d5 21. Rxc8 Rxc8
22. Bxd5 Rc7 23. e4 f4 24. Na5 g4 25. Nc6 Rxc6 26. Bxc6 Qxe6 27. Bd5 1-0

[Event "chess.com SpeedChess Q2Sw"]
[Site "chess.com INT"]
[Date "2022.11.12"]
[Round "1"]
[White "Sanchez, Robert"]
[Black "Firat, Burak"]
[Result "0-1"]
[BlackTitle "GM"]
[WhiteElo "1971"]
[BlackElo "2460"]
[WhiteFideId "2034360"]
[BlackFideId "6305881"]
[EventDate "2022.11.12"]

1. e4 e6 2. d4 d5 3. Nc3 Bb4 4. e5 c5 5. Bd2 Ne7 6. Nf3 O-O 7. Bd3 Nf5 8. Bxf5
exf5 9. O-O Be6 10. a3 Bxc3 11. Bxc3 b6 12. Bd2 h6 13. Re1 Nc6 14. c3 Na5 15. b3
Rc8 16. dxc5 bxc5 17. Rb1 Nc6 18. Qc1 Kh7 19. Be3 d4 20. Bd2 c4 21. bxc4 d3 22.
Rb7 Qa5 23. Nd4 Nxd4 24. cxd4 Qa6 25. Rb4 Bxc4 26. Qb2 Bd5 27. f3 Rc2 0-1

[Event "chess.com SpeedChess Q2Sw"]
[Site "chess.com INT"]
[Date "2022.11.12"]
[Round "1"]
[White "Sairam, Pranav"]
[Black "Tasdogen, Dincer"]
[Result "0-1"]
[BlackTitle "FM"]
[WhiteElo "2018"]
[BlackElo "2303"]
[WhiteFideId "30951330"]
[BlackFideId "6367097"]
[EventDate "2022.11.12"]

1. e4 g6 2. d4 Bg7 3. Bc4 c6 4. Nc3 d5 5. exd5 b5 6. Bb3 b4 7. Na4 cxd5 8. Ne2
Nf6 9. O-O O-O 10. Bg5 Nc6 11. Nf4 e6 12. Re1 Qd6 13. c3 Ne4 14. Qg4 e5 15. Qh4
Nxg5 16. Qxg5 exf4 17. Qxd5 Qc7 18. cxb4 Be6 19. Rxe6 fxe6 20. Qxe6+ Kh8 21. Rc1
Rae8 22. Qc4 Qe7 23. h3 Nxd4 24. Bd1 Qe1+ 25. Kh2 Qxf2 26. Nc5 Qg3+ 27. Kg1 Re1+ 0-1

[Event "chess.com SpeedChess Q2Sw"]
[Site "chess.com INT"]
[Date "2022.11.12"]
[Round "1"]
[White "Peyrer, Konstantin"]
[Black "Svane, Rasmus"]
[Result "0-1"]
[WhiteTitle "FM"]
[BlackTitle "GM"]
[WhiteElo "2393"]
[BlackElo "2619"]
[WhiteFideId "1640879"]
[BlackFideId "4657101"]
[EventDate "2022.11.12"]

1. d4 d5 2. c4 e6 3. Nf3 a6 4. Qc2 dxc4 5. a4 c5 6. dxc5 Bxc5 7. Qxc4 Nd7 8. Qc2
Ngf6 9. Nc3 b6 10. Bg5 Bb7 11. e3 Qc7 12. Bd3 O-O 13. O-O Rfc8 14. Rac1 h6 15.
Bh4 Bd6 16. Bg3 Bxg3 17. hxg3 Ne5 18. Nxe5 Qxe5 19. Qe2 Rc5 20. Rc2 Qg5 21. Rfc1
Ng4 22. Ne4 Qh5 23. Qf3 Rf5 0-1

[Event "chess.com SpeedChess Q2Sw"]
[Site "chess.com INT"]
[Date "2022.11.12"]
[Round "1"]
[White "McCoy, Owen"]
[Black "Rasulov, Vugar"]
[Result "0-1"]
[BlackTitle "GM"]
[WhiteElo "2085"]
[BlackElo "2525"]
[WhiteFideId "30924502"]
[BlackFideId "13402390"]
[EventDate "2022.11.12"]

1. Nf3 g6 2. g3 Bg7 3. Bg2 Nf6 4. O-O O-O 5. d3 d5 6. Nbd2 c5 7. e4 Nc6 8. Re1
e5 9. exd5 Nxd5 10. Ng5 h6 11. Nge4 b6 12. Nc4 Be6 13. Ned2 f5 14. c3 Bf7 15.
Qc2 Rc8 16. a4 Re8 17. Nf3 g5 18. Bd2 Qf6 19. h3 Rcd8 20. Nh2 Qg6 21. g4 Be6 22.
Re2 fxg4 23. hxg4 h5 24. gxh5 Qxh5 25. Rae1 Bh3 26. Bh1 Re6 27. Re4 Nf4 28. R1e3
Rh6 29. Bf3 g4 30. Bh1 Bg2 0-1

[Event "chess.com SpeedChess Q2Sw"]
[Site "chess.com INT"]
[Date "2022.11.12"]
[Round "1"]
[White "Ozen, Bahadir"]
[Black "Omariev, Maksim"]
[Result "1-0"]
[WhiteTitle "IM"]
[BlackTitle "FM"]
[WhiteElo "2369"]
[BlackElo "2304"]
[WhiteFideId "6337058"]
[BlackFideId "4193423"]
[EventDate "2022.11.12"]

1. g3 d5 2. Nf3 Nf6 3. Bg2 c6 4. O-O Bf5 5. d3 e6 6. Nh4 Bg6 7. Nxg6 hxg6 8. Nd2
Nbd7 9. e4 Bd6 10. Qe2 Qb6 11. Nf3 Ng4 12. d4 dxe4 13. Qxe4 Ndf6 14. Qe2 O-O-O
15. c4 c5 16. h3 Nh6 17. b4 Qxb4 18. Bxh6 Rxh6 19. Rab1 Qa5 20. Ne5 Bxe5 21.
Bxb7+ Kc7 22. Qxe5+ Kd7 23. Rfd1 Ke8 24. dxc5 Rxh3 25. Bc6+ Ke7 26. Rb7+ Kf8 27.
Rxd8+ 1-0

[Event "chess.com SpeedChess Q2Sw"]
[Site "chess.com INT"]
[Date "2022.11.12"]
[Round "1"]
[White "Tokhirjonova, Gulrukhbegim"]
[Black "Vokhidov, Shamsiddin"]
[Result "0-1"]
[WhiteTitle "WGM"]
[BlackTitle "GM"]
[WhiteElo "2328"]
[BlackElo "2568"]
[WhiteFideId "14203626"]
[BlackFideId "14204223"]
[EventDate "2022.11.12"]

1. e4 c5 2. Nf3 d6 3. d4 cxd4 4. Nxd4 Nf6 5. Nc3 Nc6 6. Bg5 Bd7 7. Qd3 Rc8 8.
O-O-O Nb4 9. Qe3 Qa5 10. Bxf6 gxf6 11. a3 Rxc3 12. bxc3 Qxa3+ 13. Kd2 Nc6 14.
Nxc6 Bxc6 15. Bc4 Qa4 16. Bd5 Bxd5 17. exd5 h5 18. f4 Bh6 19. g3 O-O 20. Rhe1
Rc8 21. Qxe7 f5 22. Re3 Bg7 23. Qxd6 Bxc3+ 24. Rxc3 Qd4+ 25. Rd3 Qf2+ 0-1

[Event "chess.com SpeedChess Q2Sw"]
[Site "chess.com INT"]
[Date "2022.11.12"]
[Round "1"]
[White "Mezhlumyan, Vahram"]
[Black "Ivic, Velimir"]
[Result "0-1"]
[WhiteTitle "FM"]
[BlackTitle "GM"]
[WhiteElo "2208"]
[BlackElo "2560"]
[WhiteFideId "13302183"]
[BlackFideId "950122"]
[EventDate "2022.11.12"]

1. d4 Nf6 2. c4 g6 3. Nc3 d5 4. cxd5 Nxd5 5. e4 Nxc3 6. bxc3 Bg7 7. Bc4 c5 8.
Ne2 Nc6 9. Be3 O-O 10. O-O b6 11. Qd2 Bb7 12. Rad1 Rc8 13. Bd3 e6 14. dxc5 Ne5
15. cxb6 axb6 16. Bb1 Qc7 17. Bh6 Rfd8 18. Qf4 Bxh6 19. Qxh6 Ba6 20. Rde1 Bxe2
21. Rxe2 Qxc3 22. h3 b5 23. f4 Nc4 24. f5 Qg7 25. Qh4 Qd4+ 26. Kh1 exf5 27. Qg3
Nd2 28. Rxd2 Qxd2 29. exf5 Rc1 0-1

[Event "chess.com SpeedChess Q2Sw"]
[Site "chess.com INT"]
[Date "2022.11.12"]
[Round "1"]
[White "Durarbayli, Vasif"]
[Black "Manukian, Artak"]
[Result "1-0"]
[WhiteTitle "GM"]
[WhiteElo "2612"]
[BlackElo "2196"]
[WhiteFideId "13402935"]
[BlackFideId "13301373"]
[EventDate "2022.11.12"]

1. e4 c6 2. d4 d5 3. e5 Bf5 4. Nf3 e6 5. Be2 c5 6. Be3 Qb6 7. Nc3 Qxb2 8. Nb5
Na6 9. O-O Qxc2 10. Qe1 c4 11. Bd1 Qb2 12. Ba4 Bb4 13. Qd1 Kf8 14. a3 Ba5 15.
Nd6 Bd3 16. Ng5 Nh6 17. Qf3 Nf5 18. Ndxf7 Nc7 19. Nxh8 Kg8 20. Qh5 Nh6 21. Nhf7
b5 22. Nxh6+ gxh6 23. Qf7+ Kh8 24. Qf6+ Kg8 25. Nf7 1-0

[Event "chess.com SpeedChess Q2Sw"]
[Site "chess.com INT"]
[Date "2022.11.12"]
[Round "1"]
[White "Gheorghiu, Calin"]
[Black "Kopylov, Alexander A."]
[Result "0-1"]
[WhiteTitle "FM"]
[BlackTitle "IM"]
[WhiteElo "2300"]
[BlackElo "2397"]
[WhiteFideId "1200305"]
[BlackFideId "4164857"]
[EventDate "2022.11.12"]

1. e4 c6 2. d4 g6 3. Nc3 Bg7 4. f4 Qb6 5. Nf3 d5 6. e5 Bg4 7. Be2 e6 8. h3 Bxf3
9. Bxf3 h5 10. O-O h4 11. b3 Ne7 12. Na4 Qd8 13. c4 Nf5 14. Bg4 Bf8 15. c5 b5
16. Nb2 a5 17. Qd3 Be7 18. Nd1 Na6 19. a3 Nxd4 20. Be3 Nf5 21. Bxf5 gxf5 22. Nc3
Rg8 23. Bf2 Nxc5 24. Qe2 Nxb3 25. Rab1 a4 26. Rfd1 Rg6 27. Rd3 Kf8 28. Nd1 Kg7
29. Ne3 Nc5 0-1

[Event "chess.com SpeedChess Q2Sw"]
[Site "chess.com INT"]
[Date "2022.11.12"]
[Round "1"]
[White "Primbetov, Kazbek"]
[Black "Aditya, Mittal"]
[Result "0-1"]
[WhiteTitle "FM"]
[BlackTitle "IM"]
[WhiteElo "2156"]
[BlackElo "2486"]
[WhiteFideId "13702297"]
[BlackFideId "35042025"]
[EventDate "2022.11.12"]

1. d4 Nf6 2. Nf3 d5 3. e3 c5 4. b3 Nc6 5. Bb2 Bg4 6. Be2 e6 7. O-O cxd4 8. exd4
Bd6 9. h3 Bh5 10. Nbd2 O-O 11. Re1 a5 12. Ne5 Bxe2 13. Qxe2 a4 14. c4 Bb4 15.
Nxc6 bxc6 16. Rec1 Qa5 17. Nf3 a3 18. Ne5 axb2 19. Qxb2 Ba3 0-1

[Event "chess.com SpeedChess Q2Sw"]
[Site "chess.com INT"]
[Date "2022.11.12"]
[Round "1"]
[White "De Silva, L M S T"]
[Black "Andreassen, Lars"]
[Result "1-0"]
[WhiteTitle "IM"]
[BlackTitle "CM"]
[WhiteElo "2521"]
[BlackElo "2168"]
[WhiteFideId "9953698"]
[BlackFideId "1504878"]
[EventDate "2022.11.12"]

1. e4 g6 2. d4 Bg7 3. Nc3 d6 4. Be3 a6 5. Nf3 b5 6. Qd2 Bb7 7. d5 Nd7 8. Bd4
Ngf6 9. a3 O-O 10. Bd3 c6 11. dxc6 Bxc6 12. O-O e5 13. Be3 Rc8 14. Bh6 Nc5 15.
Bxg7 Kxg7 16. Rfe1 Qc7 17. Nh4 h6 18. f4 Nxd3 19. cxd3 Qa7+ 20. Kh1 Ng4 21. h3
Qf2 22. Qd1 Qxh4 23. Qxg4 Qxg4 24. hxg4 exf4 25. Ne2 g5 26. Nd4 Bd7 27. Nf5+
Bxf5 28. exf5 Rc2 29. Re7 Rxb2 30. Rae1 Rc8 31. Rd7 Rcc2 32. Ree7 Rxg2 33. Rxf7+
Kg8 34. Rfe7 Kf8 35. f6 Rh2+ 36. Kg1 Rhg2+ 37. Kf1 Rbf2+ 38. Ke1 Re2+ 39. Rxe2 1-0

[Event "chess.com SpeedChess Q2Sw"]
[Site "chess.com INT"]
[Date "2022.11.12"]
[Round "1"]
[White "Peng, David"]
[Black "Sevian, Samuel"]
[Result "0-1"]
[WhiteTitle "FM"]
[BlackTitle "GM"]
[WhiteElo "2287"]
[BlackElo "2687"]
[WhiteFideId "2059355"]
[BlackFideId "2040506"]
[EventDate "2022.11.12"]

1. Nf3 d5 2. g3 c5 3. Bg2 g6 4. O-O Bg7 5. d3 Nc6 6. e4 e6 7. Nc3 Nge7 8. Re1
O-O 9. e5 Rb8 10. a4 a6 11. Bf4 b5 12. axb5 axb5 13. Qd2 Nf5 14. h4 b4 15. Ne2
h5 16. c3 Qb6 17. d4 cxd4 18. cxd4 Ba6 19. Rad1 Na5 20. Bh3 Nb3 21. Qc2 Bxe2 22.
Qxe2 Nbxd4 23. Nxd4 Nxd4 24. Qd3 Nc6 25. g4 hxg4 26. Bxg4 Qb5 27. Qg3 Ne7 28.
Bg5 Rbe8 29. h5 Qc4 30. hxg6 Nxg6 31. Bf6 Qf4 32. Qxf4 Nxf4 33. Re3 Kh7 34. Kh2
Bxf6 35. exf6 Kg6 36. Rf3 e5 37. Rg1 Kxf6 38. Bh3 Rh8 39. Rgg3 Rc8 40. Rb3 Rc2
41. Kg1 Nxh3+ 42. Rxh3 Rxh3 43. Rxh3 Rxb2 44. Rf3+ Ke6 0-1

[Event "chess.com SpeedChess Q2Sw"]
[Site "chess.com INT"]
[Date "2022.11.12"]
[Round "1"]
[White "Shimanov, Aleksandr"]
[Black "Lewtak, Damian"]
[Result "1-0"]
[WhiteTitle "GM"]
[BlackTitle "IM"]
[WhiteElo "2581"]
[BlackElo "2385"]
[WhiteFideId "4198603"]
[BlackFideId "1141724"]
[EventDate "2022.11.12"]

1. e4 c5 2. Nf3 d6 3. d4 cxd4 4. Qxd4 Nc6 5. Bb5 Qd7 6. Qe3 g6 7. O-O a6 8. Be2
Bg7 9. c4 Nf6 10. h3 O-O 11. Nc3 Qc7 12. Bd2 Rd8 13. Rac1 e6 14. Rfd1 Qe7 15.
Na4 Nd7 16. Bc3 Nce5 17. Nxe5 Nxe5 18. Nb6 Rb8 19. Rd2 Qh4 20. f4 Bh6 21. Rf1
Nc6 22. g3 Qxh3 23. Bd1 e5 24. Rh2 Bxf4 25. Rxf4 exf4 26. Qxf4 Qe6 27. Rxh7 Ne5
28. Qh6 Qf6 29. Nd5 1-0

[Event "chess.com SpeedChess Q2Sw"]
[Site "chess.com INT"]
[Date "2022.11.12"]
[Round "1"]
[White "Janaszak, Dawid"]
[Black "Suleymanli, Aydin"]
[Result "0-1"]
[WhiteTitle "FM"]
[BlackTitle "GM"]
[WhiteElo "2322"]
[BlackElo "2543"]
[WhiteFideId "1119206"]
[BlackFideId "13413937"]
[EventDate "2022.11.12"]

1. d4 Nf6 2. Nf3 d5 3. Bf4 Bf5 4. c4 e6 5. Qb3 Nc6 6. Nc3 Na5 7. Qa4+ c6 8. cxd5
exd5 9. e3 Qb6 10. O-O-O Bb4 11. Bd3 Bxc3 12. bxc3 Bxd3 13. Rxd3 Nc4 14. Qb3 Ne4
15. Rf1 Qa6 16. Ne1 O-O 17. f3 Ned2 18. Rxd2 Nxd2 19. Kxd2 Qxf1 20. Qxb7 Qf2+
21. Kd1 Qxa2 22. Nc2 a5 23. Be5 a4 24. Qe7 Qb1+ 25. Kd2 Qf1 26. Ne1 Qf2+ 27. Kd1
Rab8 28. Bxb8 Rxb8 0-1

[Event "chess.com SpeedChess Q2Sw"]
[Site "chess.com INT"]
[Date "2022.11.12"]
[Round "1"]
[White "Xiong, Jeffery"]
[Black "Al-Tarboush, Ward"]
[Result "1-0"]
[WhiteTitle "GM"]
[BlackTitle "FM"]
[WhiteElo "2692"]
[BlackElo "2238"]
[WhiteFideId "2047640"]
[BlackFideId "7601450"]
[EventDate "2022.11.12"]

1. e4 c5 2. Nf3 Nc6 3. Bb5 e6 4. O-O Nge7 5. b3 a6 6. Bxc6 Nxc6 7. Bb2 d6 8. d4
cxd4 9. Nxd4 Nxd4 10. Qxd4 e5 11. Qe3 Be7 12. c4 O-O 13. Nc3 Bg5 14. Qd3 Be6 15.
Rfd1 Be7 16. a4 Qa5 17. Nd5 Bxd5 18. Qxd5 Qxd5 19. Rxd5 f5 20. exf5 Rxf5 21.
Rad1 Rf6 22. Ba3 Raf8 23. f3 Rg6 24. Bxd6 Bxd6 25. Rxd6 Rg5 26. Rd8 Rf5 27. R1d7
b6 28. Rd6 Rxd8 29. Rxd8+ Kf7 30. Rd7+ Kf8 31. Rd6 b5 32. cxb5 axb5 33. a5 Rf7
34. Rd8+ Ke7 35. Rb8 Kd6 36. Rxb5 Ra7 37. b4 Rc7 38. a6 Rc1+ 39. Kf2 Ra1 40. Ra5
Rxa5 41. bxa5 Kc7 42. Ke3 Kb8 43. Ke4 Ka7 44. Kxe5 Kb8 45. Ke6 Kc7 46. Kf7 Kd6
47. a7 Kc7 48. a8=Q 1-0

[Event "chess.com SpeedChess Q2Sw"]
[Site "chess.com INT"]
[Date "2022.11.12"]
[Round "1"]
[White "Oparin, Grigoriy"]
[Black "Brodowski, Piotr"]
[Result "1-0"]
[WhiteTitle "GM"]
[BlackTitle "IM"]
[WhiteElo "2683"]
[BlackElo "2455"]
[WhiteFideId "24125890"]
[BlackFideId "1124480"]
[EventDate "2022.11.12"]

1. d4 d6 2. c4 g6 3. Nc3 Bg7 4. h4 h6 5. e4 Nc6 6. Be3 e5 7. d5 Nd4 8. Nge2 Bg4
9. f3 Bxf3 10. gxf3 Nxf3+ 11. Kf2 Nxh4 12. Ng1 f5 13. Ke1 h5 14. Bf2 Bf6 15. Bd3
Nh6 16. exf5 N6xf5 17. Ne4 Ng2+ 18. Kd2 O-O 19. Nh3 Bg7 20. Rg1 Nfh4 21. Kc3 c6
22. Bxh4 Nxh4 23. Bc2 Rc8 24. Nhg5 Kh8 25. b3 Qb6 26. Kb2 Nf3 27. Nxf3 Rxf3 28.
Qxf3 Qd4+ 29. Qc3 cxd5 30. Nxd6 Qxc3+ 31. Kxc3 e4+ 32. Kd2 Rf8 33. cxd5 Bh6+ 34.
Ke2 Rd8 35. Nxe4 1-0

[Event "chess.com SpeedChess Q2Sw"]
[Site "chess.com INT"]
[Date "2022.11.12"]
[Round "1"]
[White "Shankland, Sam"]
[Black "Koc, Przemyslaw"]
[Result "1-0"]
[WhiteTitle "GM"]
[WhiteElo "2710"]
[BlackElo "2346"]
[WhiteFideId "2004887"]
[BlackFideId "1109081"]
[EventDate "2022.11.12"]

1. d4 f5 2. g3 Nf6 3. Bg2 g6 4. c4 Bg7 5. Nf3 O-O 6. O-O d6 7. Nc3 Qe8 8. d5 Na6
9. Nd4 Bd7 10. b3 c5 11. dxc6 bxc6 12. Bb2 g5 13. e3 Nc5 14. Qc2 e5 15. Nxf5
Bxf5 16. Qxf5 Nfe4 17. Qg4 h5 18. Qe2 Nxc3 19. Bxc3 g4 20. Rad1 Rd8 21. b4 Ne6
22. f3 Qg6 23. fxg4 hxg4 24. Bxc6 Ng5 25. Bd5+ Kh8 26. Qxg4 Bh6 27. Qe2 Kh7 28.
Kg2 e4 29. Rf4 Rde8 30. Rdf1 Nf3 31. Bxe4 Rxe4 32. R4xf3 Rxf3 33. Rxf3 Rxc4 34.
Qxc4 1-0

[Event "chess.com SpeedChess Q2Sw"]
[Site "chess.com INT"]
[Date "2022.11.12"]
[Round "1"]
[White "Vifleemskaia, Svetlana"]
[Black "Gabrielian, Artur"]
[Result "0-1"]
[WhiteTitle "WFM"]
[BlackTitle "GM"]
[WhiteElo "1947"]
[BlackElo "2460"]
[WhiteFideId "4129490"]
[BlackFideId "4131002"]
[EventDate "2022.11.12"]

1. d4 Nf6 2. c4 c5 3. d5 e6 4. Nc3 exd5 5. cxd5 d6 6. e4 g6 7. Nf3 Bg7 8. Nd2
Nbd7 9. Nc4 Nb6 10. a4 O-O 11. a5 Nxc4 12. Bxc4 Re8 13. f3 Nh5 14. Be3 Qh4+ 15.
Bf2 Qg5 16. g4 Nf4 17. h4 Qf6 18. Kf1 h5 19. g5 Qe7 20. Qd2 Be5 21. Bg3 Bh3+ 22.
Rxh3 Nxh3 23. Kg2 Bxg3 24. Kxg3 Nxg5 25. Qxg5 Qf8 26. f4 Qg7 27. e5 dxe5 28. Ne4
exf4+ 29. Kxf4 Qd4 0-1